Harry Potter Character Referenced in Chapter Title Quiz Stats

Quiz not verified by Sporcle

Challenge
Share
Tweet
Embed
Score 0/29 Timer 06:00
0 Plays Today
Chapter Character % Correct
The Boy Who LivedHarry Potter
100%
The Heir of SlytherinVoldemort
99.1%
Padfoot in 'Moony, Wormtail, Padfoot, and Prongs'Sirius Black
99.1%
Prongs in 'Moony, Wormtail, Padfoot, and Prongs'James Potter
99.1%
The second Hogwarts champion in 'The Four Champions'Harry Potter
99.1%
Moony in 'Moony, Wormtail, Padfoot, and Prongs'Remus Lupin
98.3%
Wormtail in 'Moony, Wormtail, Padfoot, and Prongs'Peter Pettigrew
98.3%
The first Hogwarts champion in 'The Four Champions'Cedric Diggory
98.3%
The Durmstrang champion in 'The Four Champions'Viktor Krum
97.4%
The Hogwarts High InquisitorDolores Umbridge
97.4%
The Keeper of the KeysRubeus Hagrid
96.5%
The Man with Two FacesQuirinus Quirrell
95.7%
The Beauxbatons champion in 'The Four Champions'Fleur Delacour
95.7%
The Only One He Ever FearedAlbus Dumbledore
93%
The Beetle at BayRita Skeeter
92.2%
Chapter Character % Correct
The Servant of Lord VoldemortPeter Pettigrew
91.3%
The WandmakerGarrick Ollivander
89.6%
The Prince's TaleSeverus Snape
89.6%
The Goblin’s RevengeGriphook
86.1%
An Excess of PhlegmFleur Delacour
80.9%
The Seer OverheardSybill Trelawney
80.9%
The Secret RiddleVoldemort
73.9%
Fallen WarriorAlastor ‘Mad-Eye’ Moody
73.9%
The youngest brother in 'The Tale of the Three Brothers'Ignotus Peverell
73.9%
The middle brother in 'The Tale of the Three Brothers'Cadmus Peverell
71.3%
The Centaur and the SneakFirenze and Marietta Edgecombe
67.8%
The eldest brother in 'The Tale of the Three Brothers'Antioch Peverell
67%
The Lion and the SerpentGodric Gryffindor and Salazar Slytherin
65.2%
The ThiefGellert Grindelwald
51.3%

You're not logged in!

Compare scores with friends on all Sporcle quizzes.
Sign Up with Email
OR
Log In

You Might Also Like...

Show Comments

Extras

Top Quizzes Today


Score Distribution

Your Account Isn't Verified!

In order to create a playlist on Sporcle, you need to verify the email address you used during registration. Go to your Sporcle Settings to finish the process.